| 000 | 00414 a2200157 4500 | ||
|---|---|---|---|
| 999 |
_c9041 _d9041 |
||
| 020 | _a0702122521 | ||
| 050 | _aKTL926 SHA 1989 | ||
| 100 |
_aSharrock, Robert _eauthor |
||
| 245 |
_aBusiness transactions law _cRobert Sharrock |
||
| 250 | _a2nd ed. | ||
| 264 |
_aCape Town : _bJuta and Co. _c1989 |
||
| 300 | _a416p. | ||
| 500 | _aIncludes index | ||
| 650 | _aBusiness law | ||
| 942 |
_2lcc _cBK _e2nd ed. _h926 _iSHA _kKTL |
||